<?xml version="1.0" encoding="UTF-8"?>
<record
    xmlns:xsi="http://www.w3.org/2001/XMLSchema-instance"
    xsi:schemaLocation="http://www.loc.gov/MARC21/slim http://www.loc.gov/standards/marcxml/schema/MARC21slim.xsd"
    xmlns="http://www.loc.gov/MARC21/slim">

  <leader>00652nas a2200169 a 4500</leader>
  <controlfield tag="005">20241105105128.0</controlfield>
  <controlfield tag="007">ta</controlfield>
  <controlfield tag="008">241022e2008    dr |||||r||||||0| | spa d</controlfield>
  <datafield tag="040" ind1=" " ind2=" ">
    <subfield code="a">DO-SdBNP</subfield>
    <subfield code="c">BNPHU</subfield>
    <subfield code="e">rda</subfield>
  </datafield>
  <datafield tag="041" ind1=" " ind2=" ">
    <subfield code="h">spa</subfield>
  </datafield>
  <datafield tag="245" ind1=" " ind2=" ">
    <subfield code="a">Formaci&#xF3;n : </subfield>
    <subfield code="b">revista de opini&#xF3;n, promoci&#xF3;n institucional y cultural.</subfield>
  </datafield>
  <datafield tag="260" ind1=" " ind2=" ">
    <subfield code="a">Santo Domingo, Rep&#xFA;blica Dominicana : </subfield>
    <subfield code="b">Editora Formaci&#xF3;n, </subfield>
    <subfield code="c">2008.</subfield>
  </datafield>
  <datafield tag="300" ind1=" " ind2=" ">
    <subfield code="a">volumen :</subfield>
    <subfield code="b">ilustraciones, fotograf&#xED;as ; </subfield>
    <subfield code="c">26 cm.</subfield>
  </datafield>
  <datafield tag="651" ind1=" " ind2="0">
    <subfield code="a">Rep&#xFA;blica Domincana</subfield>
    <subfield code="9">86749</subfield>
    <subfield code="x">Aspectos sociales</subfield>
    <subfield code="v">Publicaciones seriadas</subfield>
  </datafield>
  <datafield tag="651" ind1=" " ind2="0">
    <subfield code="a">Rep&#xFA;blica Domincana</subfield>
    <subfield code="9">86749</subfield>
    <subfield code="x">Aspectos pol&#xED;ticos</subfield>
    <subfield code="v">Publicaciones seriadas</subfield>
  </datafield>
  <datafield tag="942" ind1=" " ind2=" ">
    <subfield code="2">ddc</subfield>
    <subfield code="c">ISSUE</subfield>
  </datafield>
  <datafield tag="952" ind1=" " ind2=" ">
    <subfield code="0">0</subfield>
    <subfield code="1">0</subfield>
    <subfield code="2">ddc</subfield>
    <subfield code="4">0</subfield>
    <subfield code="5">6</subfield>
    <subfield code="7">0</subfield>
    <subfield code="8">SE</subfield>
    <subfield code="a">BNPHU</subfield>
    <subfield code="b">BNPHU</subfield>
    <subfield code="d">2024-10-22</subfield>
    <subfield code="h">A&#xF1;o 2, N&#xFA;mero 23, 2008</subfield>
    <subfield code="l">0</subfield>
    <subfield code="p">2024-6071</subfield>
    <subfield code="r">2024-10-22</subfield>
    <subfield code="t">e.1</subfield>
    <subfield code="w">2024-10-22</subfield>
    <subfield code="y">ISSUE</subfield>
  </datafield>
  <datafield tag="952" ind1=" " ind2=" ">
    <subfield code="0">0</subfield>
    <subfield code="1">0</subfield>
    <subfield code="2">ddc</subfield>
    <subfield code="4">0</subfield>
    <subfield code="5">6</subfield>
    <subfield code="7">0</subfield>
    <subfield code="8">SE</subfield>
    <subfield code="a">BNPHU</subfield>
    <subfield code="b">BNPHU</subfield>
    <subfield code="d">2024-10-22</subfield>
    <subfield code="h">A&#xF1;o 2, N&#xFA;mero 24, 2009</subfield>
    <subfield code="l">0</subfield>
    <subfield code="p">2024-6072</subfield>
    <subfield code="r">2024-10-22</subfield>
    <subfield code="t">e.1</subfield>
    <subfield code="w">2024-10-22</subfield>
    <subfield code="y">ISSUE</subfield>
  </datafield>
  <datafield tag="952" ind1=" " ind2=" ">
    <subfield code="0">0</subfield>
    <subfield code="1">0</subfield>
    <subfield code="2">ddc</subfield>
    <subfield code="4">0</subfield>
    <subfield code="5">6</subfield>
    <subfield code="7">0</subfield>
    <subfield code="8">SE</subfield>
    <subfield code="a">BNPHU</subfield>
    <subfield code="b">BNPHU</subfield>
    <subfield code="d">2024-10-25</subfield>
    <subfield code="h">A&#xF1;o 1, N&#xFA;mero 4, 1974</subfield>
    <subfield code="l">0</subfield>
    <subfield code="p">2024-6158</subfield>
    <subfield code="r">2024-10-25</subfield>
    <subfield code="t">e.1</subfield>
    <subfield code="w">2024-10-25</subfield>
    <subfield code="y">ISSUE</subfield>
  </datafield>
  <datafield tag="952" ind1=" " ind2=" ">
    <subfield code="0">0</subfield>
    <subfield code="1">0</subfield>
    <subfield code="2">ddc</subfield>
    <subfield code="4">0</subfield>
    <subfield code="5">6</subfield>
    <subfield code="7">0</subfield>
    <subfield code="8">SE</subfield>
    <subfield code="a">BNPHU</subfield>
    <subfield code="b">BNPHU</subfield>
    <subfield code="d">2024-10-25</subfield>
    <subfield code="h">A&#xF1;o 2, N&#xFA;mero 7,  Abril-Mayo, 1975</subfield>
    <subfield code="l">0</subfield>
    <subfield code="p">2024-6159</subfield>
    <subfield code="r">2024-10-25</subfield>
    <subfield code="t">e.1</subfield>
    <subfield code="w">2024-10-25</subfield>
    <subfield code="y">ISSUE</subfield>
  </datafield>
  <datafield tag="952" ind1=" " ind2=" ">
    <subfield code="0">0</subfield>
    <subfield code="1">0</subfield>
    <subfield code="2">ddc</subfield>
    <subfield code="4">0</subfield>
    <subfield code="5">6</subfield>
    <subfield code="7">0</subfield>
    <subfield code="8">SE</subfield>
    <subfield code="a">BNPHU</subfield>
    <subfield code="b">BNPHU</subfield>
    <subfield code="d">2024-10-25</subfield>
    <subfield code="h">A&#xF1;o 2, N&#xFA;mero 3, Noviembre, 1985</subfield>
    <subfield code="l">0</subfield>
    <subfield code="p">2024-6160</subfield>
    <subfield code="r">2024-10-25</subfield>
    <subfield code="t">e.1</subfield>
    <subfield code="w">2024-10-25</subfield>
    <subfield code="y">ISSUE</subfield>
  </datafield>
  <datafield tag="952" ind1=" " ind2=" ">
    <subfield code="0">0</subfield>
    <subfield code="1">0</subfield>
    <subfield code="2">ddc</subfield>
    <subfield code="4">0</subfield>
    <subfield code="5">6</subfield>
    <subfield code="7">0</subfield>
    <subfield code="8">SE</subfield>
    <subfield code="a">BNPHU</subfield>
    <subfield code="b">BNPHU</subfield>
    <subfield code="d">2024-10-25</subfield>
    <subfield code="h">A&#xF1;o 2, N&#xFA;mero 3, Noviembre, 1985</subfield>
    <subfield code="l">0</subfield>
    <subfield code="p">2024-6161</subfield>
    <subfield code="r">2024-10-25</subfield>
    <subfield code="t">e.2</subfield>
    <subfield code="w">2024-10-25</subfield>
    <subfield code="y">ISSUE</subfield>
  </datafield>
  <datafield tag="952" ind1=" " ind2=" ">
    <subfield code="0">0</subfield>
    <subfield code="1">0</subfield>
    <subfield code="2">ddc</subfield>
    <subfield code="4">0</subfield>
    <subfield code="5">6</subfield>
    <subfield code="7">0</subfield>
    <subfield code="8">SE</subfield>
    <subfield code="a">BNPHU</subfield>
    <subfield code="b">BNPHU</subfield>
    <subfield code="d">2024-10-25</subfield>
    <subfield code="h">A&#xF1;o 2, N&#xFA;mero 4, 1986</subfield>
    <subfield code="l">0</subfield>
    <subfield code="p">2024-6162</subfield>
    <subfield code="r">2024-10-25</subfield>
    <subfield code="t">e.1</subfield>
    <subfield code="w">2024-10-25</subfield>
    <subfield code="y">ISSUE</subfield>
  </datafield>
  <datafield tag="952" ind1=" " ind2=" ">
    <subfield code="0">0</subfield>
    <subfield code="1">0</subfield>
    <subfield code="2">ddc</subfield>
    <subfield code="4">0</subfield>
    <subfield code="5">6</subfield>
    <subfield code="7">0</subfield>
    <subfield code="8">SE</subfield>
    <subfield code="a">BNPHU</subfield>
    <subfield code="b">BNPHU</subfield>
    <subfield code="d">2024-10-25</subfield>
    <subfield code="h">A&#xF1;o 2, N&#xFA;mero 4, 1986</subfield>
    <subfield code="l">0</subfield>
    <subfield code="p">2024-6163</subfield>
    <subfield code="r">2024-10-25</subfield>
    <subfield code="t">e.2</subfield>
    <subfield code="w">2024-10-25</subfield>
    <subfield code="y">ISSUE</subfield>
  </datafield>
  <datafield tag="952" ind1=" " ind2=" ">
    <subfield code="0">0</subfield>
    <subfield code="1">0</subfield>
    <subfield code="2">ddc</subfield>
    <subfield code="4">0</subfield>
    <subfield code="5">6</subfield>
    <subfield code="7">0</subfield>
    <subfield code="8">SE</subfield>
    <subfield code="a">BNPHU</subfield>
    <subfield code="b">BNPHU</subfield>
    <subfield code="d">2024-10-25</subfield>
    <subfield code="h">N&#xFA;mero 2, 2003</subfield>
    <subfield code="l">0</subfield>
    <subfield code="p">2024-6164</subfield>
    <subfield code="r">2024-10-25</subfield>
    <subfield code="t">e.1</subfield>
    <subfield code="w">2024-10-25</subfield>
    <subfield code="y">ISSUE</subfield>
  </datafield>
  <datafield tag="952" ind1=" " ind2=" ">
    <subfield code="0">0</subfield>
    <subfield code="1">0</subfield>
    <subfield code="2">ddc</subfield>
    <subfield code="4">0</subfield>
    <subfield code="5">6</subfield>
    <subfield code="7">0</subfield>
    <subfield code="8">SE</subfield>
    <subfield code="a">BNPHU</subfield>
    <subfield code="b">BNPHU</subfield>
    <subfield code="d">2024-10-25</subfield>
    <subfield code="h">N&#xFA;mero 2, 2003</subfield>
    <subfield code="l">0</subfield>
    <subfield code="p">2024-6165</subfield>
    <subfield code="r">2024-10-25</subfield>
    <subfield code="t">e.2</subfield>
    <subfield code="w">2024-10-25</subfield>
    <subfield code="y">ISSUE</subfield>
  </datafield>
  <datafield tag="999" ind1=" " ind2=" ">
    <subfield code="c">57930</subfield>
    <subfield code="d">57930</subfield>
  </datafield>
</record>
